000
00218nam a22000857a 4500
008
160711b xxu||||| |||| 00| 0 eng d
100
_9
2603
_a
Prakash, V
245
_a
Angry
260
_a
New Delhi
_b
Dreamland Publication
_c
2004
999
_c
2259
_d
2259